Statystyki dla Prowincje i terytoria kanadyjskie - Jednominutowy sprint

Kliknij tutaj aby rozwiązać quiz!

Ogólne statystyki

  • Ten quiz został rozwiązany 20 razy
  • Średni wynik to 4 z 13

Odpowiedzi na mapie

Odpowiedzi skodowane kolorowo w zielono-czerwonej skali na mapie do tego quizu, zgodnie z poniższymi procentami.
 

Statystyki odpowiedzi

prowincja / terytorium% Poprawnych
Quebec
93%
Ontario
64%
Alberta
43%
Kolumbia Brytyjska
43%
Nowa Fundlandia i Labrador
43%
Jukon
29%
Nunavut
29%
Manitoba
21%
Terytoria Północno-Zachodnie
21%
Wyspa Księcia Edwarda
21%
Nowa Szkocja
14%
Saskatchewan
14%
Nowy Brunszwik
7%

Rozkład punktacji

Percentyl według liczby udzielonych odpowiedzi

Procent ludzi z każdym wynikiem

Twoja historia wyników

Nie rozwiązałeś tego quizu